000
00343nam a2200157Ia 4500
008
210210b1913 xxu||||| |||| 00| 0 eng d
041
_a
eng
082
_a
534/17
100
_a
CAPSTICK (J W)
245
_a
Sound
260
_a
Cambridge
_b
University Press
_c
1913
300
_a
296
650
_a
Sound
690
_a
Sound
906
_a
008505
999
_c
126440
_d
126440